Saveurs de chips Brets - Statistiques

Statistiques générales
  • Ce quiz a été pris 53 fois
  • Le résultat moyen est 17 sur 55
Statistiques - réponses
Catégorie Saveur % Correct
Les fromagères Fromage du Jura
80%
Viandes Poulet Braisé
70%
Viandes Côte de Boeuf Grillée
64%
Les fromagères, Les méditerranéennes, Les saveurs du monde Pesto Mozzarella
57%
Les méditerranéennes Pizza au feu de bois
57%
Les BBQ Sauce Barbecue
57%
Les fromagères Camembert
50%
Les épicées et relevées, Les fromagères Chèvre & piment d'Espelette
50%
Les fromagères Tartiflette
50%
Les culinaires Miel Moutarde
48%
Les culinaires Sauce Pommes Frites
45%
Les méditerranéennes Carbonara
43%
Les culinaires Cèpes
43%
Les épicées et relevées, Les fromagères, Les saveurs du monde Cheddar Jalapeño
43%
Les culinaires Petits Oignons
43%
Les épicées et relevées, Les saveurs du monde Sauce Curry
43%
Les culinaires Sel & Vinaigre
43%
Les saveurs du monde, Viandes Yakitori
43%
Les saveurs du monde, Viandes Kebab
41%
Les fromagères Bleu d'Auvergne AOP
39%
Les fromagères, Les saveurs du monde Cheddar Bière
39%
Les méditerranéennes, Les saveurs du monde Falafels à la libanaise
36%
Les méditerranéennes Aïoli
34%
Les fromagères Aligot à l'Aveyronnaise
34%
Les fromagères Cheddar oignons de Roscoff
34%
Les natures À l'Ancienne
30%
Les épicées et relevées Pili Pili
30%
Viandes Bacon Grillé
27%
Les fromagères Brie Truffe
27%
Les culinaires, Les fromagères Fromage Frais et fines herbes
25%
Les natures La Paysanne
23%
Les méditerranéennes, Les saveurs du monde Tajine de Poulet aux Épices
23%
Les culinaires Beurre salé
20%
Les saveurs du monde Carbonade Flamande
20%
Les premium et bio La chips de Légumes
20%
Les natures La Craquante
20%
Les natures L'Originale
20%
Les épicées et relevées, Les méditerranéennes, Viandes Poivrons grillés chorizo
20%
Les sarrasin Sel de Guérande
20%
Les BBQ, Les épicées et relevées BBQ à la Mexicaine
16%
Les culinaires Beurre Persillé
16%
Les épicées et relevées Moutarde au Piment de Cayenne
16%
Les BBQ BBQ Flambé au whisky
14%
Les BBQ, Les épicées et relevées BBQ & Jalapeño
14%
Les natures, Les premium et bio La chips BIO
14%
Les fromagères Camembert & truffe
11%
Les So Crack Sweet & salty
11%
Les sarrasin À la Forestière
9%
Les So Crack Moutarde pickles
9%
Les So Crack Nature au sel de Guérande
9%
Les So Crack Tomate, olive, origan
9%
Les premium et bio Chips Rôtisserie Ail confit et herbes de Provence
7%
Les natures, Les premium et bio Chips Rôtisserie Nature
7%
Les sarrasin Curry Crème
7%
Les So Crack Curry fruité
7%
Aucun quiz correspondant
Distribution des résultats
% des personnes avec chaque résultat
Percentile par nombre de réponses
Votre historique - résultats
Vous n’avez pas pris ce quiz